Handbook for implementing key quality tools and techniques (Record no. 167814)

MARC details
000 -LEADER
fixed length control field 00437nam a2200145Ia 4500
008 - FIXED-LENGTH DATA ELEMENTS--GENERAL INFORMATION
fixed length control field 231217s9999 xx 000 0 und d
041 ## - LANGUAGE CODE
Language code of text/sound track or separate title English
082 ## - DEWEY DECIMAL CLASSIFICATION NUMBER
Classification number 658.562 DAl;1 `R'
100 ## - MAIN ENTRY--PERSONAL NAME
Personal name Dale, Barry Mcquater, Ruth
245 #0 - TITLE STATEMENT
Title Handbook for implementing key quality tools and techniques
260 ## - PUBLICATION, DISTRIBUTION, ETC.
Date of publication, distribution, etc. 2001
Name of publisher, distributor, etc. Infinity Books,N.Delhi
300 ## - PHYSICAL DESCRIPTION
Extent xii+192
650 ## - SUBJECT ADDED ENTRY--TOPICAL TERM
Topical term or geographic name entry element Implementing key quality tools and techniques
942 ## - ADDED ENTRY ELEMENTS (KOHA)
Koha item type Books
Holdings
Date last seen Total checkouts Full call number Accession number Cost, total (INR) price Price effective from Category Lost status Damaged status Department Withdrawn status Home library Current library Entry date Vendor Cost, normal purchase price Grants Billnumber Billdate Currency symbol Conversion rate Discount Old discount
26/01/2024   658.562 DAl;1 `R' 17534 191.25 26/01/2024 Books     Central Library   Central Library Central Library 24/04/2001 Book Service Syndicate 225.00 MBA 1750 04/02/2004 RS 1 33.75 15

© For any Suggestions or Query, please contact the library staff @ librarian@pes.edu or Phone: +9180 2672 1983/ 2108.